Elements that start with a,b and c - Statistics

General Stats
  • This quiz has been taken 63 times
  • The average score is 19 of 26
Answer Stats
Letter Answer % Correct
B Boron
97%
B Beryllium
95%
A Aluminium
89%
A Argon
89%
B Barium
87%
C Carbon
87%
C Chlorine
84%
C Copper
84%
A Arsenic
79%
C Curium
76%
C Cadmium
74%
C Calcium
74%
B Bismuth
71%
C Cesium
71%
A Americium
68%
A Astatine
68%
B Bromine
68%
C Cobalt
68%
A Antimony
66%
C Californium
61%
B Bohrium
58%
C Chromium
55%
C Copernicium
50%
C Cerium
47%
A Actinium
45%
B Berkelium
45%
No matching quizzes found
Score Distribution
Percent of People with Each Score
Percentile by Number Answered
Your Score History
You have not taken this quiz